<?xml version="1.0" encoding="UTF-8"?><OAI-PMH xmlns="http://www.openarchives.org/OAI/2.0/" xmlns:xsi="http://www.w3.org/2001/XMLSchema-instance"     xsi:schemaLocation="http://www.openarchives.org/OAI/2.0/ http://www.openarchives.org/OAI/2.0/OAI-PMH.xsd"><responseDate>2026-05-17T02:04:38Z</responseDate><request verb="GetRecord" identifier="oai:regmurcia.com:fintegr.459" metadataPrefix="marc21">http://oai.regmurcia.com/oai2/oai2.php</request><GetRecord><record><header><identifier>oai:regmurcia.com:fintegr.459</identifier><datestamp>2026-05-17</datestamp><setSpec>documentos</setSpec></header><metadata><record  xmlns="http://www.loc.gov/MARC21/slim" xmlns:xsi="http://www.w3.org/2001/XMLSchema-instance" xsi:schemaLocation="http://www.loc.gov/MARC21/slim http://www.loc.gov/standards/marcxml/schema/MARC21slim.xsd" type="Bibliographic"><leader>00000nam a2200000   4500</leader><controlfield tag="001" >005075992</controlfield><controlfield tag="003" >459</controlfield><controlfield tag="004" >A00000000</controlfield><datafield tag="245" ind1=" " ind2=" "><subfield code="a">Carta misiva de Isabel la Católica al corregidor de Murcia ordenando enviar 500 peones y ballesteros para la guerra contra Francia.</subfield></datafield><datafield tag="300" ind1=" " ind2=" "><subfield code="c">252 x 216 mm.</subfield></datafield><datafield tag="351" ind1=" " ind2=" "><subfield code="a">Unidad Documental</subfield><subfield code="c">Archivo de Murcia. Array</subfield><subfield code="a">Unidad Documental</subfield><subfield code="c">Archivo de Murcia. Array</subfield></datafield><datafield tag="351" ind1=" " ind2=" "><subfield code="b">Nº 157</subfield></datafield><datafield tag="505" ind1=" " ind2=" "><subfield code="a">/codom/20/518.pdf</subfield></datafield><datafield tag="506" ind1=" " ind2=" "><subfield code="a">Acceso restringido</subfield></datafield><datafield tag="510" ind1=" " ind2=" "><subfield code="a">Pub. GOMARIZ MARÍN, ANTONIO. Documentos de los Reyes Católicos 1492-1504. Murcia: Academia Alfonso X el Sabio, 2000. p. 1024</subfield></datafield><datafield tag="520" ind1=" " ind2=" "><subfield code="a">Isabel la Católica ordena al corregidor de Murcia enviar a donde se encuentra el rey 300 peones armados a la suiza y 200 ballesteros para la guerra contra los franceses, los cuales habrán de partir con un regidor de la ciudad si el capitán aún no ha podido llegar.</subfield></datafield><datafield tag="583" ind1=" " ind2=" "><subfield code="u">http://www.regmurcia.com/servlet/s.Sl?METHOD=VERDOCUMENTO&amp;sit=serv,Carmesi&amp;n=/01/1054/indice.djvu</subfield></datafield><datafield tag="592" ind1=" " ind2=" "><subfield code="a">1503-09-05</subfield></datafield><datafield tag="592" ind1=" " ind2=" "><subfield code="d">1503-09-05 00:00:00</subfield></datafield><datafield tag="651" ind1=" " ind2=" "><subfield code="a">Segovia</subfield></datafield><datafield tag="786" ind1=" " ind2=" "><subfield code="o">http://www.regmurcia.com/servlet/s.Sl?METHOD=VERDOCUMENTO&amp;sit=serv,Carmesi&amp;n=/01/1054/indice.djvu</subfield></datafield><datafield tag="856" ind1=" " ind2=" "><subfield code="u">http://www.regmurcia.com/servlet/s.Sl?METHOD=DETALLE&amp;sit=c,373,m,139,serv,Carmesi&amp;id=459</subfield></datafield></record></metadata></record></GetRecord></OAI-PMH>
